| 000 | 01211cam a22003373a 4500 | ||
|---|---|---|---|
| 001 | 3879 | ||
| 005 | 20240524140821.0 | ||
| 020 | _a9780590459068 (pbk.) | ||
| 020 | _a0590459066 (pbk.) | ||
| 040 |
_aEOW _cEOW _dSLC _dOCL _dBAKER _dBTCTA _dEHH _dOCLCQ _dOCLCG _dVVW _dJQD _dDLC _beng |
||
| 050 | 0 | 0 | _aPZ7.C6628 |
| 082 | _a197 | ||
| 100 | 1 |
_aCohen, Miriam _d1926- |
|
| 245 | 1 | 0 |
_aSecond-grade -- friends again! / _cby Miriam Cohen ; illustrated by Diane Palmisciano |
| 250 | _aFirst Scholastic printing, March 1994 | ||
| 260 |
_aNew York : _bScholastic, _c1994 |
||
| 300 |
_a78 pages : _billustrations ; _c20 cm. |
||
| 490 | 0 | _aLittle Apple | |
| 490 | 0 | _aLittle Apple Fiction | |
| 500 | _a"A Little Apple paperback." | ||
| 505 | _aN | ||
| 520 | _aJacob feels sad and alone. He wishes he could take back what he called Honey. But mean words can stick to a person. Will anyone ever be Jacob's friend again? | ||
| 521 |
_a590
_bLexile |
||
| 521 |
_aN
_bRaz-Plus |
||
| 650 | 0 | _aYoung readers. | |
| 650 | 0 |
_aFriendship _vFiction. |
|
| 655 | 7 |
_aChildren's stories. _2lcsh |
|
| 700 | 1 |
_aPalmisciano, Diane _eillustrator |
|
| 906 |
_a7 _bcbc _ccopycat _d2 _encip _f20 _gy-genrareb |
||
| 942 |
_2ddc _cBK _n0 |
||
| 999 |
_c3879 _d3879 |
||